000 00467nam a2200157Ia 4500
008 190805s9999||||xx |||||||||||||| ||und||
020 _a9781138096943
_cRs. 2999.00
082 0 4 _a623.81
_bM6911
100 1 _aMisra, S. C.
245 1 0 _aDesign Principles of Ships and Marine Structures. /
_cS. C. Misra
260 _aBoca Raton :
_bCRC Press,
_c2017
300 _axxv, 474 p.
_b :
_c; 25 cm.
650 0 _aNaval architecture
942 _cBK
999 _c308
_d308